Holiday Quiz

Random Holiday or Christmas Quiz

2015 Sporcle Christmas Card Quiz Stats

 Plays Quiz Updated Sep 30, 2016

Challenge
Share
Tweet
Score 0/41 Timer 03:00
0 Plays Today
% Correct
94.4%
94%
93.9%
93.5%
93.3%
Merry Christmas
& Happy New Year
2015
from Sporcle
91.4%
90.5%
▶◀
3.6%
2.9%
2%
▶◀
1.9%
▶◀
1.8%
1.8%
1.7%
1.7%
1.6%
1.6%
1.5%
1.4%
1.4%
1.3%
% Correct
▶◀
1.2%
1.1%
1.1%
1%
1%
1%
▶◀
1%
0.9%
▶◀
0.8%
0.8%
▶◀
0.8%
▶◀
0.8%
▶◀
0.7%
0.6%
0.6%
0.6%
0.5%
0.5%
0.5%
0.4%

You're not logged in!

Compare scores with friends on all Sporcle quizzes.
OR
Log In

You Might Also Like...

Show Comments

Extras

Top Quizzes Today


Score Distribution

Your Account Isn't Verified!

In order to create a playlist on Sporcle, you need to verify the email address you used during registration. Go to your Sporcle Settings to finish the process.

Report this User

Report this user for behavior that violates our Community Guidelines.

Details: